| 000 | 00636nam a2200217 a 4500 | ||
|---|---|---|---|
| 001 | 3597 | ||
| 003 | BD-RjUL | ||
| 005 | 20211208233745.0 | ||
| 008 | 131219s1960 uk 001 0 eng d | ||
| 035 | _a(BD-RjUL)3631 | ||
| 040 |
_aQUT _beng _cQUT _dVSC _dBD-RjUL |
||
| 041 | _aeng | ||
| 082 | 0 | 4 |
_223 _a340.07 _bWIL 1962 |
| 100 | 1 |
_aWilliams, Glanville Llewelyn, _d1911- _911391 |
|
| 245 | 1 | 0 |
_aLearning the law / _cby Glanville Williams. |
| 250 | _a6th ed. | ||
| 260 |
_aLondon : _bStevens, _cc1957 [Impression 1960, 1962] |
||
| 300 |
_aix, 218 p. ; _c21 cm. |
||
| 650 | 0 |
_aLaw _xStudy and teaching _zGreat Britain. _911392 |
|
| 942 |
_2ddc _cBK |
||
| 999 |
_c3597 _d3597 |
||